000 00461nmm a2200169Ia 4500
008 251105s9999||||xx |||||||||||||||||und||
020 _a9788446043720
041 _aspa
100 _aBlasco Ibáñez, Vicente
245 0 _aCañas y barro
264 _a[Madrid, España] :
_bAkal,
_c2017
300 _a288 páginas
490 _aBásica de Bolsillo
650 _aSpanish narrative
856 _uhttps://public.digitaliapublishing.com/a/50851
942 _cCF
999 _c83065
_d83065